000 01004nam a22002415i 4500
001 160257
003 ES-MaACL
005 20230906211959.0
008 010212s1890 fr a |||| | fre d
040 _aCCPB | B
_bspa
_cCCPB | B
100 1 _aMortillet, Gabriel de.
_9130226
245 1 0 _aOrigines de la chasse, de la pêche et de l'agriculture.
_n1,
_pChasse, pêche, domestication /
_cpar Gabriel de Mortillet ; avec 148 figures par A. de Mortillet.
260 _aParis :
_bLecrosnier et Babé, libraires-éditeurs,
_c1890 (
_fImprimeries Réunies)
300 _aXIII, 516 p. :
_bil. ;
_c23 cm.
490 1 _aBibliothèque Anthropologique ;
_v12
599 1 _aLas il., escenas de caza, pesca y domesticación de animales.
650 4 _aCaza-
_xHistoria.
_9147594
650 4 _aPesca-
_xHistoria.
_9136690
700 1 _aMortillet, A. de.
_9130225
830 0 _aBibliothèque Anthropologique ;
_v12
_9187951
852 _aES-MaACL
_jF-14323
_z-- Enc. pasta española
999 _c160257
_d160257